| 000 | 01319cam a2200349 a 4500 | ||
|---|---|---|---|
| 001 | 13026822 | ||
| 003 | OSt | ||
| 005 | 20170105101205.0 | ||
| 008 | 021210s2004 caua b 001 0 eng | ||
| 010 | _a 2002117118 | ||
| 020 | _a0534579647 | ||
| 040 |
_aDLC _cDLC _dDLC |
||
| 050 | 0 | 0 |
_aHQ1206 _b.M354 2004 |
| 082 | 0 | 4 |
_a155.6/33 _221 |
| 100 | 1 | _aMatlin, Margaret W. | |
| 245 | 1 | 4 |
_aThe psychology of women / _cMargaret W. Matlin. |
| 250 | _a5th ed. | ||
| 260 |
_aBelmont, CA : _bWadsworth/Thomson Learning, _cc2004. |
||
| 300 |
_axxv, 639 p. : _bill. ; _c24 cm. |
||
| 504 | _aIncludes bibliographical references (p. 503-593) and indexes. | ||
| 650 | 0 |
_aWomen _xPsychology. |
|
| 650 | 0 | _aSex differences (Psychology) | |
| 650 | 0 | _aSex role. | |
| 650 | 0 | _aLife cycle, Human. | |
| 856 | 4 | 2 |
_3Contributor biographical information _uhttp://www.loc.gov/catdir/enhancements/fy1515/2002117118-b.html |
| 856 | 4 | 2 |
_3Publisher description _uhttp://www.loc.gov/catdir/enhancements/fy1515/2002117118-d.html |
| 856 | 4 | 1 |
_3Table of contents only _uhttp://www.loc.gov/catdir/enhancements/fy1515/2002117118-t.html |
| 906 |
_a7 _bcbc _corigcop _d3 _encip _f20 _gy-gencatlg |
||
| 942 |
_2ddc _cBK |
||
| 999 |
_c2949 _d2949 |
||